Statistics for Countries that have been in a FIFA World Cup!

Click here to take the quiz!

General Stats

  • This quiz has been taken 21 times
  • The average score is 59 of 75

Answer Stats

HintAnswer% Correct
Messi!Argentina
100%
Pele!Brazil
100%
Pulisic!USA
100%
Mahrez!Algeria
95%
Hazard!Belgium
95%
Mbappe!France
95%
Havertz!Germany
95%
Buffon!Italy
95%
Jiminez!Mexico
95%
Van Dijk!Netherlands
95%
Not Australia its...!New
95%
Haaland!Norway
95%
Lewandowski!Poland
95%
Biggest Country!Russia
95%
Real Madrid!Spain
95%
Zlatan!Sweden
95%
Suarez!Uruguay
95%
Australia
89%
Alaba!Austria
89%
China
89%
Modric!Croatia
89%
Eriksen!Denmark
89%
Salah!Egypt
89%
Ronaldo!Portugal
89%
Big Chicken!Turkey
89%
Cold!Chile
84%
Colombia
84%
Czechia
84%
Kane!England
84%
Greece
84%
Ireland
84%
Japan
84%
Iwobi!Nigeria
84%
Peru
84%
2022 World Cup host!Qatar
84%
Saudi
84%
Robertson!Scotland
84%
Bolivia
79%
Canada
79%
Ecuador
79%
Iraq
79%
Son!Korea
79%
Paraguay
79%
Xhaka!Switzerland
79%
Tunisia
79%
Ukraine
79%
Wales
79%
Bulgaria
74%
Onana!Cameroon
74%
Costa
74%
Hungary
74%
Iceland
74%
Iran
74%
Mane!Senegal
74%
Serbia
74%
Slovenia
74%
Honduras
68%
Israel
68%
Ivory
68%
Romania
68%
Slovakia
68%
Bosnia
63%
Cuba
63%
Ghana
63%
Indonesia
58%
UAE
58%
Angola
53%
Jamaica
53%
Kuwait
53%
Togo
53%
Haiti
47%
Trinidad
47%
El
42%
Morroco
42%
DRC
32%

Score Distribution

Percentile by Number Answered

Percent of People with Each Score

Your Score History

You have not taken this quiz